000 00551nam a2200181Ia 4500
008 100917s9999 xx 000 0 und d
082 _b34767
100 _aगोळे प्रकाश
245 _aचक्रवाक देशी
260 _bविश्वकर्मा साहित्यालय
_c1978
300 _a132
365 _b15
520 _aसृ. प. वि.
630 _aचक्रवाक देशी
650 _aसृ. प. वि.
730 _aचक्रवाक देशी
942 _cBOOK
999 _c640161
_d640158